header

The cell phone (Record no. 38106)

MARC details
000 -LEADER
fixed length control field 01317nam a2200349Ia 4500
100 1# - MAIN ENTRY--AUTHOR NAME
Personal name Horst, Heather A.
245 14 - TITLE STATEMENT
Title The cell phone
260 ## - PUBLICATION, DISTRIBUTION, ETC. (IMPRINT)
Place of publication New York, NY :
Name of publisher Berg,
Year of publication 2006.
300 ## - PHYSICAL DESCRIPTION
Number of Pages ix, 212 p.
650 #0 - SUBJECT ADDED ENTRY--TOPICAL TERM
Topical Term Cell phones
Topical Term Cell phones
Topical Term Cell phones
700 1# - ADDED ENTRY--PERSONAL NAME
Personal name Miller, Daniel,
856 40 - ELECTRONIC LOCATION AND ACCESS
Uniform Resource Identifier http://site.ebrary.com/lib/rucke/Doc?id=10233377

No items available.

© 2026 Rongo University
Contact us: librarian | system librarian | Rongo university